Kiến thức của người nghèo : Các hoạt động thúc đẩy việc thu lợi từ tài sản trí tuệ ở các nước đang phát triển

Sách nghiên cứu các vấn đề về bảo vệ vốn tri thức cổ truyền nhằm chống lại sự trục lợi của các quốc gia công nghiệp và kiểm soát sự sử dụng bất hợp pháp các nguồn tài nguyên sinh học phục vụ cho lợi ích của các nước công nghiệp,...

Πλήρης περιγραφή

Αποθηκεύτηκε σε:
Λεπτομέρειες βιβλιογραφικής εγγραφής
Κύριος συγγραφέας: Finger, J. Michael
Μορφή: Βιβλίο
Γλώσσα:Undetermined
Έκδοση: Thành phố Hồ Chí Minh Tổng hợp Thành phố Hồ Chí Minh 2004
Θέματα:
Ετικέτες: Προσθήκη ετικέτας
Δεν υπάρχουν, Καταχωρήστε ετικέτα πρώτοι!
Thư viện lưu trữ: Trung tâm Học liệu Trường Đại học Cần Thơ
LEADER 01579nam a2200205Ia 4500
001 CTU_68758
008 210402s9999 xx 000 0 und d
082 |a 346.12408 
082 |b F497 
100 |a Finger, J. Michael 
245 0 |a Kiến thức của người nghèo : 
245 0 |b Các hoạt động thúc đẩy việc thu lợi từ tài sản trí tuệ ở các nước đang phát triển 
245 0 |c J. Michael Finger, Philip Schuler ; Nguyễn Viết Công ... [et al.] 
260 |a Thành phố Hồ Chí Minh 
260 |b Tổng hợp Thành phố Hồ Chí Minh 
260 |c 2004 
520 |a Sách nghiên cứu các vấn đề về bảo vệ vốn tri thức cổ truyền nhằm chống lại sự trục lợi của các quốc gia công nghiệp và kiểm soát sự sử dụng bất hợp pháp các nguồn tài nguyên sinh học phục vụ cho lợi ích của các nước công nghiệp, thể hiện ở việc khai thác sự đa dạng sinh học tại nước đang phát triển nhằm phát triển các sản phẩm nông nghiệp, các sản phẩm phục vụ cho mục đích chăm lo sức khỏe cộng đồng.... 
650 |a Intellectual property,Intellectual property (international law),Sở hữu trí tuệ,Sở hữu trí tuệ (luật pháp quốc tế) 
904 |i Tuyến 
980 |a Trung tâm Học liệu Trường Đại học Cần Thơ